| 000 | 00370nam a22001577a 4500 | ||
|---|---|---|---|
| 003 | SGT | ||
| 020 | _a9789387593862 | ||
| 082 |
_a615.19 _bP23W |
||
| 100 | _aWADHER, KAMLESH.J | ||
| 245 | _aPHARMACEUTICAL DOSES FORM | ||
| 260 |
_aHYDERABAD _bPHARMA MED PRESS _c2023 |
||
| 300 | _a337 | ||
| 650 | _aPHARMACY | ||
| 653 | _aPHARMACEUTICAL, DOSES, FORM | ||
| 942 |
_2ddc _cBK |
||
| 999 |
_c26959 _d26959 |
||